000 01326nam a2200397 i 4500
001 6376
003 KOSZ 005
005 20191104143649.0
008 970510s1993 pl a f f |000 0 pol
015 _aPB 1994/2241
035 _a(OCoLC)833971857
040 _aWA N
_cWA N
_dKOSZ 005/HR
046 _k1993
080 _a514.18
080 _a(075.8)
100 1 _aKorczak, Jadwiga.
_eAutor
245 1 0 _aPrzekroje i rozwinięcia powierzchni walcowych i stożkowych /
_cJadwiga Korczak, Czesław Prętki ; Politechnika Poznańska.
260 _aPoznań :
_bWydawnictwo PP,
_c1993.
300 _a91 s. :
_brys., wykr. ;
_c24 cm.
336 _2rdacontent
_aTekst
_btxt
337 _2rdamedia
_aBez urządzenia pośredniczącego
_bn
338 _2rdacarrier
_aWolumin
_bnc
380 _aKsiążki
380 _aPublikacje dydaktyczne
385 _mPoziom nauczania
_aSzkoły wyższe
388 _a1901-2000
388 _a1989-2000
504 _aBibliogr. s. 91.
521 _aDla studentów I r. wszystkich kierunków.
658 _aMatematyka
655 4 _aPodręczniki akademickie
650 4 _aGeometria wykreślna
700 1 _aPrętki, Czesław.
_eAutor
856 _uhttp://koha.tu.koszalin.pl/cgi-bin/koha/opac-detail.pl?biblionumber=6376
_yKatalog online BPK
942 _2UKD
_cKS
999 _c6376
_d6376